Madre Teresa de Calcuta / (Record no. 109298)
[ view plain ]
| 000 -LEADER | |
|---|---|
| campo de control de longitud fija | 00783nam a2200241 4500 |
| 001 - NÚMERO DE CONTROL | |
| campo de control | 109298 |
| 003 - IDENTIFICADOR DE NÚMERO DE CONTROL | |
| campo de control | ES-MaACL |
| 005 - FECHA Y HORA DE LA ÚLTIMA TRANSACCIÓN | |
| campo de control | 20250905163513.0 |
| 007 - CAMPO FIJO DE DESCRIPCIÓN FÍSICA--INFORMACIÓN GENERAL | |
| campo de control de longitud fija | t| |
| 008 - DATOS DE LONGITUD FIJA--INFORMACIÓN GENERAL | |
| campo de control de longitud fija | 061121s1979 sp r ||||1| spa d |
| 100 1# - ENTRADA PRINCIPAL--NOMBRE DE PERSONA | |
| Nombre de persona | Muggeridge, Malcolm. |
| 9 (RLIN) | 84056 |
| 245 10 - MENCIÓN DEL TÍTULO | |
| Título | Madre Teresa de Calcuta / |
| Mención de responsabilidad, etc. | Malcolm Muggeridge ; traducción de José María de Llanos. |
| 250 ## - MENCION DE EDICION | |
| Mención de edición | 3ª ed. |
| 260 ## - PUBLICACIÓN, DISTRIBUCIÓN, ETC. | |
| Lugar de publicación, distribución, etc. | Madrid : |
| Nombre del editor, distribuidor, etc. | Sígueme, |
| Fecha de publicación, distribución, etc. | 1979. |
| 300 ## - DESCRIPCIÓN FÍSICA | |
| Extensión | 114 p., 4 lám. ; |
| Dimensiones | 19 cm. |
| 490 1# - MENCIÓN DE SERIE | |
| Mención de serie | Testigos del hombre ; |
| Designación de volumen o secuencia | 17 |
| 600 04 - PUNTO DE ACCESO ADICIONAL DE MATERIA--NOMBRE DE PERSONA | |
| Nombre de persona | Teresa de Calcuta, |
| Títulos y otros términos asociados al nombre | Madre, |
| -- | Beata, |
| Fechas asociadas al nombre | 1910-1997 |
| 9 (RLIN) | 109737 |
| 610 20 - PUNTO DE ACCESO ADICIONAL DE MATERIA--NOMBRE DE ENTIDAD CORPORATIVA | |
| Nombre de entidad corporativa o nombre de jurisdicción como elemento de entrada | Misioneras de la Caridad. |
| 9 (RLIN) | 5725 |
| 700 1# - ENTRADA AGREGADA--NOMBRE PERSONAL | |
| Nombre de persona | Llanos, José María de. |
| 9 (RLIN) | 72709 |
| 830 1# - PUNTO DE ACCESO ADICIONAL DE SERIE-TÍTULO UNIFORME | |
| Título uniforme | Testigos del hombre ; |
| Designación de volumen o secuencia | 17 |
| 9 (RLIN) | 183342 |
| 852 ## - LOCALIZACIÓN | |
| Ubicación | ES-MaACL |
| Número de control de estantería | A-10464 |
| Estatus retirado | Estado de pérdida | Estado de daño | No para préstamo | Biblioteca de origen | Biblioteca actual | Ubicación en estantería | Fecha de adquisición | Fuente de adquisición | Total de préstamos | Signatura topográfica completa | Código de barras | Visto por última vez | Precio de reemplazo | Tipo de ítem Koha |
|---|---|---|---|---|---|---|---|---|---|---|---|---|---|---|
| Biblioteca del Ateneo de Madrid | Biblioteca del Ateneo de Madrid | Depósito 1 | 17/01/2008 | A-10464 | 1114045 | 23/02/2023 | 23/02/2023 | Libro impreso |
